000 01180nam a22002897a 4500
999 _c114924
_d114924
003 dpl
005 20181103133403.0
008 181103b ||||| |||| 00| 0 eng d
010 _aB-037820
020 _c125.00
_a8171196012
035 _aB-037820, B-037825
037 _bCen Lib/Ret
040 _aDPL
_bHN
_c0
082 _a
_bमहाश्वे
100 _aमहाश्वेता देवी
_959013
245 _aकृष्णद्वादशी /
_cमहाश्वेता देवी ; अनुवादक माहेश्वर
246 _aKrishndwadashi /
_bby Mahashweta Devi ; anuvadak Maheshwar
260 _aदिल्ली
_bभूमिका प्रकाशन
_c2000
270 _aजी-17, जगतपुरी
_bदिल्ली
_e110051
300 _aix,110पृ.
_c21सेमी (सजिल्द)
650 _aहिन्दी -- साहित्य
_959014
650 _aहिन्दी -- कहानी
_9779
650 _aHindi -- Literature
_959015
650 _aHindi -- story
_943117
700 _aमाहेश्वर
_959016
942 _2ddc
_cHN
_h
_mमहाश्वे